Kulturowo-językowe dziedzictwo Podlasia
| Titel: | Kulturowo-językowe dziedzictwo Podlasia = The cultural-linguistic heritage of Podlasie |
|---|---|
| Körperschaft: | |
| Veröffentlicht: | Warszawa : Katedra Białorutenistyki Uniwersytetu Warszawskiego, 2016 |
| Format: | Mehrteiliges Werk |
| Sprache: | Polnisch |
| Bände: |
alle Bände anzeigen
|
X
alg: 42371184 001A $03004:08-12-17 001B $01999:09-06-21 $t22:02:37.000 001D $01999:09-06-21 001U $0utf8 001X $00 002@ $0Acy 002C $aText $btxt $2rdacontent 002D $aohne Hilfsmittel zu benutzen $bn $2rdamedia 002E $aBand $bnc $2rdacarrier 003@ $0423711849 007A $0BV044442161 $aBVB 010@ $apol 010E $erda 011@ $a2016 021A $aKulturowo-językowe dziedzictwo Podlasia $fThe cultural-linguistic heritage of Podlasie 029A $RUniwersytet Warszawski $#Uniwersytet Warszawski, Kafedra Belarusistyki $#Katedra Białorutenistyki Warschau $#Kafedra Belarusistyki Warschau $#Katedra Białorutenistyki Uniwersytetu Warszawskiego $71058185969 $8Uniwersytet Warszawski$bKatedra Białorutenistyki [Tb1] $9347400094 033A $pWarszawa $nKatedra Białorutenistyki Uniwersytetu Warszawskiego 044K $qBVB $RSitte $RVolkskultur $#Manners and customs $#Moeurs et coutumes $#Brauchtum $#Brauchtum $#Volksbrauch $#Bräuche $#Volksbrauchtum $#Volksbräuche $74008017-1 $8Brauch [Ts1] $9085013595 044K $qBVB $RRegionalsprache $#Dialects $#Régionalismes (linguistique) $#Dialekt Linguistik $#Regiolekt $#Mundarten $#Dialekte Linguistik $74040725-1 $8Mundart [Ts1] $9085111333 044K $qBVB $#Podlasie $#Pidljaššja $#Palenkė $74046396-5 $8Podlachien [Tg1] $9085129615 044K $qBVB $RSlawische Sprachen $#Ostslavische Sprachen $74119966-2 $8Ostslawische Sprachen [Ts1] $908538089X 044K $qBVB $RName $#Names, Geographical $#Noms géographiques $#Nombres geográficos $#Geographischer Name $#Geografische Onomatologie $#Geografische Namen $74130377-5 $8Geografischer Name [Ts1] $9085460664 lok: 42371184 24 exp: 42371184 24 1 #EPN 201B/01 $021-11-18 $t07:41:23.000 201C/01 $008-12-17 201U/01 $0utf8 203@/01 $01012680088 208@/01 $a08-12-17 $bda 209B/01 $azur Fortsetzung bestellt (050) $x09 220C/01 $aHo-Sz lok: 42371184 78 exp: 42371184 78 1 #EPN 201B/01 $009-06-21 $t12:23:45.000 201C/01 $009-06-21 201U/01 $0utf8 203@/01 $01157387640 208@/01 $a09-06-21 $be 209A/01 $a/ $f000 $x00 209A/01 $ab*p $x01 220C/01 $apgar 244Z/01 $#Generalgouvernement Polen $#Polska $#Rzeczpospolita Polska $#Polska Rzeczpospolita Ludowa $#Poland $#Pologne $#République Polonaise $#Generalne Gubernatorstwo w Polsce $#Polish People's Republic $#Polska Rzeczpospolita Polen $#PRL $#RP $#Polen Generalgouvernement $#Polska Generalgouvernement $#Besetzte Polnische Gebiete $#Besetztes Gebiet in Polen $#Okupowane Polskie Obszary $#Obszary Okupowane w Polsce $#Volksrepublik Polen $#Polska Rosyjska $#Republic Polen $#Respublika Pol'ša $#Pol'skaja Narodnaja Respublika $#République de Pologne $#Polen Links der Weichsel $#Polska po Lewej Stronie Wisły $#Lenkija $#Polija $#Gubernija Carstva Pol'skago $#Republik Polen $74046496-9 $8--Tg1--Polen $x01 $9085129801 247C/01 $82080>Marburg/Lahn, Herder-Institut, Forschungsbibliothek, Bibliographieportal $9336309341
| LEADER | 00000cam a22000002ca4500 | ||
|---|---|---|---|
| 001 | 423711849 | ||
| 003 | DE-603 | ||
| 005 | 20210609220237.0 | ||
| 007 | tu | ||
| 008 | 171208s2016 xx |||| | u00||u|pol c | ||
| 035 | |a (DE-599)BVBBV044442161 | ||
| 040 | |a DE-603 |b ger |c DE-603 |d DE-603 |e rda | ||
| 041 | |a pol | ||
| 110 | 2 | |a Uniwersytet Warszawski |b Katedra Białorutenistyki |0 (DE-603)347400094 |0 (DE-588)1058185969 |2 gnd | |
| 245 | 0 | 0 | |a Kulturowo-językowe dziedzictwo Podlasia |b = The cultural-linguistic heritage of Podlasie |
| 264 | 1 | |a Warszawa |b Katedra Białorutenistyki Uniwersytetu Warszawskiego |c 2016 | |
| 336 | |a Text |b txt |2 rdacontent | ||
| 337 | |a ohne Hilfsmittel zu benutzen |b n |2 rdamedia | ||
| 338 | |a Band |b nc |2 rdacarrier | ||
| 650 | 7 | |a Brauch |0 (DE-588)4008017-1 |0 (DE-603)085013595 |2 gnd | |
| 650 | 7 | |a Mundart |0 (DE-588)4040725-1 |0 (DE-603)085111333 |2 gnd | |
| 650 | 7 | |a Ostslawische Sprachen |0 (DE-588)4119966-2 |0 (DE-603)08538089X |2 gnd | |
| 650 | 7 | |a Geografischer Name |0 (DE-588)4130377-5 |0 (DE-603)085460664 |2 gnd | |
| 651 | 7 | |a Podlachien |0 (DE-588)4046396-5 |0 (DE-603)085129615 |2 gnd | |
| 924 | 0 | |9 603 |a (DE-603)1012680088 |b DE-603 |c HES |d d | |
| 924 | 0 | |9 2080 |a (DE-603)1157387640 |b DE-2080 |c HES |d d |g / | |


